| 000 | 00907cam a2200277 4500 | ||
|---|---|---|---|
| 005 | 20260322212012.0 | ||
| 008 | data | ||
| 010 | _a 70110650 | ||
| 040 |
_aDLC _cDLC _dDLC |
||
| 042 | _alcac | ||
| 050 | 0 | 0 |
_aQL737.R68 _bC68 |
| 082 | 0 | 0 | _a599.3/232 |
| 092 | _a599.3 C68 1970 | ||
| 100 | 1 |
_aCostello, David Francis, _d1904- |
|
| 245 | 1 | 4 |
_aThe world of the prairie dog. _cDavid Francis Costello. |
| 250 | _a[1st ed.] | ||
| 260 |
_aPhiladelphia, _bLippincott _c[1970]. |
||
| 300 |
_a160 p. _billus., port. _c27 cm. |
||
| 350 | _a5.95 | ||
| 490 | 0 | _aLiving world books | |
| 504 | _aBibliography: p. 147-153. | ||
| 520 | _aDiscusses the characteristics and behavior of prairie dogs, the ways in which the changing seasons affect their lives, their role in the ecological balance of their environment, and their relationship to man. | ||
| 650 | 0 | _aPrairie dogs. | |
| 650 | 1 | _aPrairie dogs. | |
| 001 | data | ||
| 999 |
_c259 _d259 |
||